书目信息 |
| 题名: |
马开樑学术文选
|
|
| 作者: | 马开樑 著 | |
| 分册: | ||
| 出版信息: | 昆明 云南人民出版社 2015 |
|
| 页数: | 277页 | |
| 开本: | 24cm | |
| 丛书名: | 云南文库·学术名家文丛 | |
| 单 册: | ||
| 中图分类: | K207-53 | |
| 科图分类: | ||
| 主题词: | 史学--中国--文集 | |
| 电子资源: | ||
| ISBN: | 978-7-222-13002-9 | |
| 000 | 01015oam2 2200253 450 | |
| 001 | 012001003118 | |
| 005 | 20140926114739.0 | |
| 010 | @a978-7-222-13002-9@dCNY52.00 | |
| 100 | @a20160303d2015 em y0chiy50 ea | |
| 101 | 0 | @achi |
| 102 | @aCN@b530000 | |
| 105 | @ay z 000yy | |
| 106 | @ar | |
| 200 | 1 | @a马开樑学术文选@9ma kai liang xue shu wen xuan@b专著@f马开樑著 |
| 210 | @a昆明@c云南人民出版社@c云南大学出版社@d2015 | |
| 215 | @a277页@d24cm | |
| 225 | 1 | @a云南文库·学术名家文丛@f张瑞才主编 |
| 330 | @a本书汇集了著名史学家马开樑先生史学研究方面的文章十六篇。包括《关于公元1世纪初期农民起义的几个问题》、《刘玄与刘秀》、《唯心史观的一个例》、《关于中国古代的农村公社问题》、《楚族南迁的时代及迁徙路线》、《楚族在江汉地区的开发和发展》、《关于春秋时期阶级斗争的几个问题》等。 | |
| 461 | 0 | @12001 @a云南文库·学术名家文丛 |
| 606 | 0 | @a史学@y中国@j文集 |
| 690 | @aK207-53@v5 | |
| 701 | 0 | @a马开樑@9ma kai liang@f(1913-)@4著 |
| 801 | 0 | @aCN@b上海新华@c20180901 |
| 905 | @b1153978-82@dK207-53@e140@f5 | |
| 马开樑学术文选/马开樑著.-昆明:云南人民出版社:云南大学出版社,2015 |
| 277页;24cm.-(云南文库·学术名家文丛/张瑞才主编) |
| ISBN 978-7-222-13002-9:CNY52.00 |
| 本书汇集了著名史学家马开樑先生史学研究方面的文章十六篇。包括《关于公元1世纪初期农民起义的几个问题》、《刘玄与刘秀》、《唯心史观的一个例》、《关于中国古代的农村公社问题》、《楚族南迁的时代及迁徙路线》、《楚族在江汉地区的开发和发展》、《关于春秋时期阶级斗争的几个问题》等。 |
| ● |
| 相关链接 |
|
|
|
|
正题名:马开樑学术文选
索取号:K207-53/140
 
预约/预借
| 序号 | 登录号 | 条形码 | 馆藏地/架位号 | 状态 | 备注 |
| 1 | 1153978 | 211539780 | 第二样本阅览室/ [索取号:K207-53/140] | 在馆 | |
| 2 | 1153979 | 211539799 | 密集书库-资源管理系/ [索取号:K207-53/140] | 在馆 | |
| 3 | 1153980 | 211539806 | 第二借阅区/ [索取号:K207-53/140] | 在馆 | |
| 4 | 1153981 | 211539815 | 第二借阅区/ [索取号:K207-53/140] | 在馆 | |
| 5 | 1153982 | 211539824 | 第二借阅区/ [索取号:K207-53/140] | 在馆 |